Yüklüyor......

Payyannurpattu

Detaylı Bibliyografya
Yazar: Antony,P. Ed
Materyal Türü: Printed Book
Dil:Malayalam
Baskı/Yayın Bilgisi: Changanassery KeralaPadanakendram&D.C.Books Changanassery KeralaPadanakendram&D.C.Books 1994
LEADER 00518nam a2200121Ia 4500
008 180409b xxu||||| |||| 00| 0 mal d
100 |a Antony,P. Ed 
245 |a Payyannurpattu  |c Antony,P. Ed 
260 |b Changanassery KeralaPadanakendram&D.C.Books  |a Changanassery KeralaPadanakendram&D.C.Books  |c 1994 
300 |a 60 
942 |c BK  |2 ddc 
999 |c 204843  |d 204843 
952 |0 0  |1 3  |4 0  |7 0  |9 226580  |a MAL  |b MAL  |c ST1  |d 2011-12-05  |g 16.00  |l 0  |p MAL23541  |r 2015-04-13  |v 16.00  |w 2018-08-20  |x book lost and cost recovered vide chalan no.114379.dt.10/3/06  |y BK